000 00395nam a22001337a 4500
999 _c18496
_d18496
008 231124b ||||| |||| 00| 0 eng d
020 _a9780593722640
082 _22023
_aDFic
_bC881
100 _aCronin, Justin.
_950172
245 _aThe ferryman /
_cJustin Cronin.
260 _aUnited States :
_bBallantine books,
_c©2023
300 _a538 pages.
_billustrations ;
_c23 cm.
942 _2ddc
_cDFIC